Worshiping God in spirit and truth: a dual principle of true worship / (Record no. 23184)

MARC details
000 -LEADER
fixed length control field 00515nam a22001577a 4500
003 - CONTROL NUMBER IDENTIFIER
control field AUA.1
005 - DATE AND TIME OF LATEST TRANSACTION
control field 20210324134115.0
008 - FIXED-LENGTH DATA ELEMENTS--GENERAL INFORMATION
fixed length control field 210324b ||||| |||| 00| 0 eng d
040 ## - CATALOGING SOURCE
Transcribing agency JTL
100 ## - MAIN ENTRY--PERSONAL NAME
Personal name Ok, Isaiah Malek Garang
245 ## - TITLE STATEMENT
Title Worshiping God in spirit and truth: a dual principle of true worship /
Statement of responsibility, etc Isaiah Malek Garang Ok.
260 ## - PUBLICATION, DISTRIBUTION, ETC. (IMPRINT)
Date of publication, distribution, etc 2020.
300 ## - PHYSICAL DESCRIPTION
Extent xi, 148 leaves :
Other physical details ill. ;
Dimensions 28 cm.
650 ## - SUBJECT ADDED ENTRY--TOPICAL TERM
Topical term or geographic name as entry element Worship
General subdivision Religious aspects
-- Christianity
942 ## - ADDED ENTRY ELEMENTS (KOHA)
Source of classification or shelving scheme AUA Inhouse Classification
Koha item type Thesis
Classification part MABTS
Item part .O5 2020
Holdings
Withdrawn status Lost status Source of classification or shelving scheme Damaged status Not for loan Collection code Home library Current library Shelving location Date acquired Source of acquisition Cost, normal purchase price Serial Enumeration / chronology Full call number Barcode Date last seen Cost, replacement price Price effective from Koha item type
    Library of Congress Classification     JTL Research Collection Judith Thomas Library Judith Thomas Library Judith Thomas Library Research Section 24/03/2021 AUA RESEARCH DEPARTMENT 25.00 AUA25662 MABTS .O5 2020 AUA25662 24/03/2021 25.00 24/03/2021 Thesis